Giáo trình pháp luật cộng đồng ASEAN
Nội dung tài liệu cung cấp những kiến thức lí luận cơ bản về pháp luật Cộng đồng ASEAN và diễn đàn khu vực ASEAN: luật cộng đồng chính trị - an ninh; luật cộng đồng kinh tế; luật cộng đồng văn hoá - xã hội; điều chỉnh pháp lí hợp tá...
Sparad:
| Huvudupphovsman: | |
|---|---|
| Materialtyp: | Bok |
| Språk: | Undetermined |
| Publicerad: |
Hà Nội
Công an Nhân dân
2014
|
| Ämnen: | |
| Taggar: |
Lägg till en tagg
Inga taggar, Lägg till första taggen!
|
| Thư viện lưu trữ: | Trung tâm Học liệu Trường Đại học Cần Thơ |
|---|
| LEADER | 01166nam a2200205Ia 4500 | ||
|---|---|---|---|
| 001 | CTU_203108 | ||
| 008 | 210402s9999 xx 000 0 und d | ||
| 020 | |c 59000 | ||
| 082 | |a 341.2473 | ||
| 082 | |b Th502 | ||
| 100 | |a Nguyễn, Thị Thuận | ||
| 245 | 0 | |a Giáo trình pháp luật cộng đồng ASEAN | |
| 245 | 0 | |c Nguyễn Thị Thuận, Lê Minh Tiến (chủ biên) | |
| 260 | |a Hà Nội | ||
| 260 | |b Công an Nhân dân | ||
| 260 | |c 2014 | ||
| 520 | |a Nội dung tài liệu cung cấp những kiến thức lí luận cơ bản về pháp luật Cộng đồng ASEAN và diễn đàn khu vực ASEAN: luật cộng đồng chính trị - an ninh; luật cộng đồng kinh tế; luật cộng đồng văn hoá - xã hội; điều chỉnh pháp lí hợp tác ngoại khối; cơ chế giải quyết tranh chấp; quan hệ Việt Nam - ASEAN | ||
| 650 | |a International law,Luật quốc tế,ASEAN,Hiệp hội các nước Đông Nam Á | ||
| 904 | |i Bằng | ||
| 980 | |a Trung tâm Học liệu Trường Đại học Cần Thơ | ||